000 01163nam a2200289 c 4500
003 BLK
005 20230412162749.0
008 180409b bul|||||r ||||||| ||bul||
010 _aKNG00148621000
040 _aBLK
041 _aBUL
_cBUL
080 _aБългарска литература
_b821.163.2
_x-93-34
_z821.163.2-93-34
100 1 _aСтъпов, Петър Иванов
_9379327
700 1 _aАлексиев, Николай
_eхудож.
_9365972
139 _aСтъпов, Петър Иванов
_bС 88
245 1 0 _aКрилатият воевода - Филип Тотю
_bРазказ : За нач. училищна възраст
_cПетър Иванов Стъпов; худож. Николай Алексиев.
257 _aBGR
260 София
_bБълг. художник
_c1982
300 _a16 с.
_bс ил.
_c32 см
380 _aDX
500 _a55 120 тир.
852 _aЦб ІІ 18766
856 4 _qpdf
_u
856 4 _qpdf
_u
942 _cKNG
_n0
944 _aCR
_c06.08.2013
_l06.08.2013 - от С1,Р / 06.08.2013
_kАйшегюл_Сабриева
944 _aED
_c06.08.2013
_l06.08.2013 - от С1,Р / 06.08.2013
_k
999 _c142528
_d142528